|
|
|
|
| LEADER |
00000nam a2200000 a 4500 |
| 001 |
vtls009164127 |
| 003 |
SK-MaSNL |
| 005 |
20260303085441.0 |
| 008 |
240318s2007 xr o g h 011 0bcze |
| 020 |
|
|
|a 9788020415868
|q (viaz.)
|
| 040 |
|
|
|a SNK
|b slo
|c SNK
|e AACR2
|
| 041 |
1 |
|
|a cze
|h eng
|
| 043 |
|
|
|a n-us---
|
| 044 |
|
|
|a xr
|c CZ
|
| 072 |
|
7 |
|a 929
|x Biografie
|2 konspekt
|
| 080 |
|
|
|a 929
|2 2001
|
| 080 |
|
|
|a 791.635-051
|2 2001
|
| 080 |
|
|
|a (73)
|2 2001
|
| 080 |
|
|
|a (092)
|2 2001
|
| 100 |
1 |
|
|a Douglas, Edward,
|d 1933-
|4 aut
|9 743522
|
| 240 |
1 |
4 |
|a The great seducer
|l Česky
|
| 245 |
1 |
0 |
|a Jack velký svůdník
|c Edward Douglas ; [z anglického originálu přeložili David Záleský a Markéta Záleská]
|
| 250 |
|
|
|a 1. vyd.
|
| 260 |
|
|
|a Praha
|b Mladá fronta
|c 2007
|
| 300 |
|
|
|a 268 s., [8] s. fotogr. príl.
|c 24 cm
|
| 600 |
1 |
7 |
|a Nicholson, Jack,
|d 1937-
|2 SNKMA
|9 264963
|
| 648 |
|
7 |
|a 20.-21. stor.
|2 SNKPH
|9 270701
|
| 648 |
|
7 |
|a 20th-21st centuries
|2 SNKPHeng
|9 285312
|
| 650 |
0 |
7 |
|a filmoví herci
|2 SNKPH
|9 3086
|
| 650 |
0 |
7 |
|a Film actors
|2 SNKPHeng
|9 411831
|
| 651 |
|
7 |
|a Spojené štáty americké
|2 SNKPH
|9 18262
|
| 651 |
|
7 |
|a United States of America
|2 SNKPHeng
|9 268235
|
| 655 |
|
7 |
|a biografie
|2 SNKPH
|9 27965
|
| 655 |
|
7 |
|a Biography
|2 SNKPHeng
|9 266314
|
| 700 |
1 |
|
|a Záleský, David
|4 trl
|9 401437
|
| 700 |
1 |
|
|a Záleská, Markéta
|4 trl
|9 401438
|
| 919 |
|
|
|a 978-80-204-1586-8
|
| 999 |
|
|
|c 1171339
|d 1173269
|
| 952 |
|
|
|t snkNIC 791.43:929
|a SNKUST
|b SNKUST
|y PREZ
|7 0
|p 17A0509822
|o snkIC 135866
|i snk2007/26323
|8 3
|g 12.25
|0 0
|1 0
|4 0
|d 2007-11-30
|l 0
|r 2025-04-30 00:00:00
|w 2026-02-24
|